00717nam a2200205 a 4500008004100000020002200041245013000063260003400193300002100227440002800248504004100276500002000317650005100337700002000388710001700408710005900425003000100484005001700485040000900502  a1779050275 (hbk.)04aThe informal sector in southern Africa :ban analysis of conceptual, research, and policy issues /cedited by Guy C.Z. Mhone. aHarare :bSAPES Books,c1996. a121 p. ;c21 cm. 0aEconomic policy series. aIncludes bibliographical references. aIncludes index. 0aInformal sector (Economics)zAfrica, Southern.1 aMhone, Guy C.Z.2 aSAPES Trust.2 aSouthern Africa Regional Institute for Policy Studies.20230123133339.0 cNUST